000 00598nam a2200205Ia 4500
003 GCL
008 140319s9999 xx 000 0 ara d
040 _aGCL /
_cGCL
082 0 4 _a371.3358
_bف ت
100 1 _aفوزية فهيم
245 1 0 _aالتليفزيون فن /
_cفوزية فهيم
300 _a133 ص
490 _aاقرأ
_v0
650 0 4 _aالتليفزيون
650 0 4 _aوسائل الاعلام
650 0 4 _aالتليفزيون والاطفال
650 0 4 _aالتليفزيون التعليمى
650 0 4 _aالتليفزيون - برامج
942 _2ddc
_cBK
999 _c50449
_d50449